000 00604nam a2200205Ia 4500
005 20250326144448.0
008 250326s9999 xx 000 0 und d
020 _a978-0-19-569233-4
037 _aTextbook
040 _aFMSL
_beng
_cFMSL
041 _aeng
_2eng
084 _aX:9 P9
_qFMSL
100 _aFukuda-parr S
_9746888
245 0 _aOxford hanbook of human development : concepts, measures and policies
_cFukuda-parr S; Shiva Kumar A K
260 _aNew Delhi
_bNew Delhi, Oxford
_c2009
300 _a518p
365 _b895
942 _cTB
_hX:9 P9
999 _c1303783
_d1303783